000 00304nam a2200133 i 4500
001 bg
100 1 _aPETRUS, Jan
245 0 _aW Afganistanie kraju buzkaszi /
_cJan Petrus.
260 _aWarszawa,
_c1974.
040 _cBPK
041 _apol
942 _cKS
008 s pl f |000 0 pol
999 _c21542
_d21542
856 _uhttp://koha.tu.koszalin.pl/cgi-bin/koha/opac-detail.pl?biblionumber=21542
_yKatalog online BPK